00674nam a2200169 a 450000100100000000500170001000800410002704000250006808200150009310000310010824501260013926000580026530000260032370000250034995201130037499900170048700003396920200930070650.0110915s1893 xxu 000 0 eng d aDO-SdBNPbspacBNPHU axxxbF633t1 aFlorentino, Nicolau95942910aThe wife of Columbus :bwith genealogical tree of the perestrello and moniz families /cNicolau Florentino, Regina Maney. aNew York :bPress of Stettiner, Lambert & co.,c1893. axiii, 48 p. ;c19 cm.1 aManey, Regina959430 001050718RVaGRbGRcCTd2011-09-15iLF1l0oxxx F633tp33969-10r2020-06-25w2020-06-25y1ZNo se presta c33460d33460